Desarrollo rual e identidades: (Record no. 232987)
[ view plain ]
| 000 -CABECERA | |
|---|---|
| campo de control de longitud fija | 00674nam a2200181Ia 4500 |
| 001 - NÚMERO DE CONTROL | |
| campo de control | 13233 |
| 008 - DATOS DE LONGITUD FIJA--INFORMACIÓN GENERAL | |
| campo de control de longitud fija | 250715b |||||||| |||| 00| 0 spa d |
| 020 ## - NÚMERO INTERNACIONAL ESTÁNDAR DEL LIBRO | |
| Número Internacional Estándar del Libro | 978-607-736-330-9 |
| 041 ## - CÓDIGO DE LENGUA | |
| Código de lengua del texto/banda sonora o título independiente | spa |
| 082 ## - NÚMERO DE LA CLASIFICACIÓN DECIMAL DEWEY | |
| Número de clasificación | 307.14120972 D44 |
| 245 ## - MENCIÓN DE TÍTULO | |
| Título | Desarrollo rual e identidades: |
| Resto del título | una diversidad de experiencias en México / |
| Mención de responsabilidad, etc. | coordinado por Alberto Valdes Cobos |
| 260 ## - PUBLICACIÓN, DISTRIBUCIÓN, ETC. | |
| Lugar de publicación, distribución, etc. | México, D.F.: |
| Nombre del editor, distribuidor, etc. | Guanajuato, Gto, Editorial Fontamara ; Universidad de Guanajuato, 2016 |
| 300 ## - DESCRIPCIÓN FÍSICA | |
| Extensión | 256 p.: il. |
| 490 ## - MENCIÓN DE SERIE | |
| Mención de serie | Argumentos; No.364 |
| 650 ## - PUNTO DE ACCESO ADICIONAL DE MATERIA--TÉRMINO DE MATERIA | |
| Término de materia o nombre geográfico como elemento de entrada | Desarrollo rural-México-Estudios de casos |
| 650 ## - PUNTO DE ACCESO ADICIONAL DE MATERIA--TÉRMINO DE MATERIA | |
| Término de materia o nombre geográfico como elemento de entrada | Comunidades-México-Estudios de casos |
| 700 ## - PUNTO DE ACCESO ADICIONAL--NOMBRE DE PERSONA | |
| Nombre de persona | I.Valdes Cobos, Alberto, coord. |
No items available.
